[Event "Titled Tuesday intern op 27th Feb Late"]
[Site "Chess.com INT"]
[Date "2024.02.27"]
[Round "1"]
[White "Ghimoyan, Narek"]
[Black "Riff, Vincent"]
[Result "1-0"]
[WhiteElo "2168"]
[BlackElo "2367"]
[PlyCount "83"]
[EventDate "2024.02.27"]
[EventType "swiss (blitz)"]
[EventRounds "11"]
[EventCountry "USA"]
[SourceTitle "CB10_2024"]
[SourceDate "2024.03.06"]
[SourceVersion "1"]
[SourceVersionDate "2024.03.06"]
[SourceQuality "1"]

1. d4 Nf6 2. c4 c5 3. Nf3 cxd4 4. Nxd4 e5 5. Nb5 d5 6. cxd5 Bc5 7. e3 0-0 8. N5c3 a6 9. a4 Nbd7 10. Na3 Nb6 11. Nc4 Nbxd5 12. Nxd5 Nxd5 13. Bd3 Nb4 14. Bb1 Qxd1+ 15. Kxd1 f6 16. Bd2 Be6 17. Na5 b6 18. Bxb4 Bxb4 19. Nc6 Bd6 20. Ke2 Rac8 21. Rc1 Bd5 22. Ba2 Bxa2 23. Rxa2 Bc5 24. Rxc5 bxc5 25. Ne7+ Kf7 26. Nxc8 Rxc8 27. Kd3 Rd8+ 28. Kc3 Ke6 29. b3 Rd1 30. Rc2 Kd5 31. Rd2+ Rxd2 32. Kxd2 c4 33. b4 f5 34. Kc3 g5 35. f3 h5 36. g3 g4 37. f4 e4 38. a5 Kd6 39. Kxc4 Kc6 40. b5+ axb5+ 41. Kb4 Kb7 42. Kxb5 1-0

[Event "Titled Tuesday intern op 06th Feb Early"]
[Site "Chess.com INT"]
[Date "2024.02.06"]
[Round "9"]
[White "Ghimoyan, Narek"]
[Black "Belov, Alexei"]
[Result "0-1"]
[WhiteElo "2168"]
[BlackElo "2421"]
[PlyCount "40"]
[EventDate "2024.02.06"]
[EventType "swiss (blitz)"]
[EventRounds "11"]
[EventCountry "USA"]
[SourceTitle "CB07_2024"]
[SourceDate "2024.02.14"]
[SourceVersion "1"]
[SourceVersionDate "2024.02.14"]
[SourceQuality "1"]

1. d4 d5 2. c4 e6 3. Nc3 Be7 4. Nf3 Nf6 5. Bf4 0-0 6. e3 Nbd7 7. Qc2 c5 8. dxc5 Nxc5 9. Rd1 Qa5 10. Be2 Nce4 11. 0-0 Nxc3 12. bxc3 Bd7 13. Ne5 Ba4 14. Qb2 Bxd1 15. Rxd1 Ne4 16. cxd5 Nxc3 17. Re1 Nxd5 18. Rf1 Bf6 19. Qxb7 Nc3 20. Bf3 Bxe5 0-1

[Event "Titled Tuesday intern op 06th Feb Early"]
[Site "Chess.com INT"]
[Date "2024.02.06"]
[Round "2"]
[White "Ghimoyan, Narek"]
[Black "Piliczewski, Bogusz"]
[Result "1-0"]
[WhiteElo "2168"]
[BlackElo "1796"]
[PlyCount "49"]
[EventDate "2024.02.06"]
[EventType "swiss (blitz)"]
[EventRounds "11"]
[EventCountry "USA"]
[SourceTitle "CB07_2024"]
[SourceDate "2024.02.14"]
[SourceVersion "1"]
[SourceVersionDate "2024.02.14"]
[SourceQuality "1"]

1. d4 d5 2. c4 c6 3. Nf3 Nf6 4. Nc3 e6 5. e3 Nbd7 6. Bd3 Bd6 7. e4 dxe4 8. Nxe4 Nxe4 9. Bxe4 e5 10. 0-0 exd4 11. Qxd4 Bc5 12. Qxg7 Qf6 13. Qxf6 Nxf6 14. Bd3 Bg4 15. Ne5 Be6 16. Bg5 Be7 17. Rfe1 0-0-0 18. Rad1 Rhg8 19. Bh4 Rg7 20. Nxf7 Bxf7 21. Rxe7 Ng8 22. Bf5+ Rd7 23. Rexd7 Nh6 24. Rxf7+ Nxf5 25. Rd8# 1-0

[Event "Titled Tuesday intern op 06th Feb Early"]
[Site "Chess.com INT"]
[Date "2024.02.06"]
[Round "3"]
[White "Wadsworth, Matthew J"]
[Black "Ghimoyan, Narek"]
[Result "1-0"]
[WhiteElo "2444"]
[BlackElo "2168"]
[PlyCount "75"]
[EventDate "2024.02.06"]
[EventType "swiss (blitz)"]
[EventRounds "11"]
[EventCountry "USA"]
[SourceTitle "CB07_2024"]
[SourceDate "2024.02.14"]
[SourceVersion "1"]
[SourceVersionDate "2024.02.14"]
[SourceQuality "1"]

1. e4 c5 2. Nf3 d6 3. g3 Nf6 4. d3 g6 5. Bg2 Bg7 6. 0-0 0-0 7. Re1 Nc6 8. c3 Bg4 9. h3 Bxf3 10. Bxf3 Rb8 11. a4 a6 12. Bg2 b5 13. axb5 axb5 14. d4 cxd4 15. cxd4 e5 16. d5 Nd4 17. Be3 Nd7 18. Na3 Nc5 19. Nc2 Ncb3 20. Nxd4 Nxd4 21. Qd3 b4 22. h4 h5 23. Rec1 b3 24. Bxd4 exd4 25. Bh3 Re8 26. Ra6 Be5 27. Rac6 Qa5 28. Rc7 Qa2 29. Qf3 Rf8 30. Rxf7 Rxf7 31. Be6 Rbf8 32. Rc7 Kg7 33. Rxf7+ Rxf7 34. Qxf7+ Kh6 35. Bf5 gxf5 36. exf5 Qb1+ 37. Kh2 Qxf5 38. Qxf5 1-0